000 00805nam a2200253Ia 4500
003 OSt
005 20220923213845.0
006 a|||||r|||| 00| 0
007 ta
008 220922b |||||||| |||| 00| 0 hin d
024 _a165,223
037 _cTextual
040 _aARTS
_cARTS
_bhin
041 _2hin
_ahin
082 _aO152,6NBE:g, J7;M4
100 _aबेचन, विष्णु कुमार
245 0 _aअध्ययन के विचार
246 _aAdhyayan ke vichāra
260 _aपटना
_b प्रकाशन
_c1984
300 _a112 पृ.
_ccm.
650 _aहिन्दी साहित्य
_9156264
942 _hO152,6NBE:g, J7;M4
_cTEXL
_2CC
999 _c319702
_d319702